Music Quiz

Random Music or Album Quiz

Rolling Stone's Best Albums (00-09) Quiz Stats

 Plays Quiz Updated Jan 11, 2019

Support Sporcle.
Go Orange.
Score 0/100 Timer 10:00
1 Play Today
Album Artist % Correct
The Marshall Mathers LPEminem
89.8%
The [Self-Titled] ShowEminem
89.8%
American IdiotGreen Day
88.1%
A Rush of Blood to the HeadColdplay
87.2%
ParachutesColdplay
87.2%
Viva La VidaColdplay
87.2%
The College DropoutKanye West
80.9%
Late RegistrationKanye West
80.9%
GraduationKanye West
80.9%
808s and HeartbreakKanye West
80.9%
The BlueprintJay-Z
80.8%
The Black AlbumJay-Z
80.8%
Get Rich or Die Tryin'50 Cent
74.8%
Kid ARadiohead
72.3%
AmnesiacRadiohead
72.3%
In RainbowsRadiohead
72.3%
Hail to the ThiefRadiohead
72.3%
All That You Can't Leave BehindU2
71.7%
No Line on the HorizonU2
71.7%
How to Dismantle an Atomic BombU2
71.7%
StankoniaOutkast
68.7%
Speakerboxxx/The Love BelowOutkast
68.7%
ElephantThe White Stripes
66.1%
White Blood CellsThe White Stripes
66.1%
Stadium ArcadiumRed Hot Chili Peppers
63.6%
Hot FussThe Killers
60.8%
FutureSex/LoveSoundsJustin Timberlake
60.1%
Tha Carter IIILil Wayne
54.8%
FuneralArcade Fire
46.5%
Neon BibleArcade Fire
46.5%
Back to BlackAmy Winehouse
45.9%
Is This ItThe Strokes
45.7%
ToxicitySystem of a Down
41.6%
[Self-Titled] (initials - FF)Franz Ferdinand
40.5%
Album Artist % Correct
Oracular SpectacularMGMT
40.4%
Yankee Hotel FoxtrotWilco
39.2%
Sky Blue SkyWilco
39.2%
Aha Shake HeartbreakKings of Leon
37.9%
Only By The NightKings of Leon
37.9%
Youth and Young ManhoodKings of Leon
37.9%
Come Away With MeNorah Jones
37.2%
Wolfgang Amadeus PhoenixPhoenix
36.8%
The RisingBruce Springsteen
36.7%
MagicBruce Springsteen
36.7%
Yoshimi Battles the Pink RobotsThe Flaming Lips
35.5%
Whatever People Say I Am, That's What I'm NotArctic Monkeys
34.1%
Songs in A MinorAlicia Keys
32.8%
Modern TimesBob Dylan
32.4%
Love and TheftBob Dylan
32.4%
KalaM.I.A.
32.3%
ArularM.I.A.
32.3%
St. ElsewhereGnarls Barkley
31.5%
Sea ChangeBeck
30.4%
TransatlanticismDeath Cab for Cutie
29.5%
IllinoisSufjan Stevens
29.5%
American III: Solitary ManJohnny Cash
25.1%
UnearthedJohnny Cash
25.1%
Oh, Inverted WorldThe Shins
24.9%
Ágaetis ByrjunSigur Ros
24.9%
()Sigur Ros
24.9%
For Emma, Forever AgoBon Iver
22.9%
I'm Wide Awake It's MorningBright Eyes
22.3%
Lifted or the Story is in the Soil, Keep Your Eart to the GroundBright Eyes
22.3%
Fever to TellYeah Yeah Yeahs
22.2%
The Grey AlbumDanger Mouse
22.1%
Dear ScienceTV on the Radio
21.9%
Return to Cookie MountainTV on the Radio
21.9%
DiscoveryDaft Punk
20.1%
Album Artist % Correct
Veni Vidi ViciousThe Hives
19.1%
Sound of SilverLCD Soundsystem
18.8%
VespertineBjork
17.6%
[Self-Titled] (initials - VW)Vampire Weekend
17.4%
Figure 8Elliott Smith
17.2%
Turn on the Bright LightsInterpol
17.1%
Rated RQueens of the Stone Age
16.8%
[Self-Titled] (initials - FF)Fleet Foxes
15.9%
Attack & ReleaseThe Black Keys
14.6%
Original Pirate MaterialThe Streets
14.2%
SmileBrian Wilson
14.1%
ZMy Morning Jacket
13.2%
Raising SandRobert Plant and Alison Krauss
13.1%
Stories From the City, Stories From the SeaPJ Harvey
13.1%
Extraordinary MachineFiona Apple
12.9%
Up the BracketThe Libertines
12.8%
HeartbreakerRyan Adams
12.4%
GoldRyan Adams
12.4%
Give UpPostal Service
12.1%
Kill the MoonlightSpoon
11.2%
The GreatestCat Power
10.1%
Electric VersionThe New Pornographers
9.3%
VoodooD'Angelo
9.1%
Under ConstructionMissy Elliott
8.3%
I Am a Bird NowAntony & the Johnsons
8%
And Then Nothing Turned Itself Inside OutYo La Tengo
6.7%
The WoodsSleater-Kinney
6.6%
10 New SongsLeonard Cohen
6.2%
Almost Killed MeThe Hold Steady
4.7%
Próxima Estación EsperanzaManu Chao
3.8%
Time the RevelatorGillian Welch
3.7%
Dimanche a BamakoAmadou & Mariam
2.4%

From the Vault

Germany's 2014 World Cup Squad

by furjov

Sports 5m
Germany has as good a shot as anyone at winning the 2014 World Cup.
Remove Ads.
Support Sporcle.
Get the best of Sporcle when you Go Orange. This ad-free experience offers more features, more stats, and more fun while also helping to support Sporcle. Thank you for becoming a member.

Show Comments

Extras

Top Quizzes Today


Score Distribution

Your Account Isn't Verified!

In order to create a playlist on Sporcle, you need to verify the email address you used during registration. Go to your Sporcle Settings to finish the process.

Report this User

Report this user for behavior that violates our Community Guidelines.

Details: